[Event "Chennai WinTV op 1st"]
[Site "Chennai"]
[Date "2004.01.21"]
[Round "1"]
[White "Srikanth, Sharma M"]
[Black "Prakash, GB."]
[Result "0-1"]
[WhiteElo "2089"]
[BlackElo "2434"]
[PlyCount "56"]
[EventDate "2004.01.21"]
[EventType "swiss"]
[EventRounds "13"]
[EventCountry "IND"]
[SourceTitle "CBM 098 Extra"]
[Source "ChessBase"]
[SourceDate "2004.03.10"]
[SourceVersion "2"]
[SourceVersionDate "2004.03.10"]
[SourceQuality "1"]

1. d4 e6 2. Nf3 f5 3. c4 Nf6 4. Nc3 d5 5. Bg5 Be7 6. e3 c6 7. Ne5 0-0 8. Be2 Nbd7 9. Nxd7 Bxd7 10. 0-0 Ne8 11. Bxe7 Qxe7 12. Qc2 Rb8 13. f3 b5 14. cxb5 cxb5 15. Bd3 Nd6 16. Rae1 a5 17. e4 b4 18. Ne2 fxe4 19. fxe4 Rxf1+ 20. Rxf1 Rc8 21. Qb1 dxe4 22. Bxe4 g6 23. Ng3 Qg5 24. Qe1 Bb5 25. Bf3 Bxf1 26. Qxe6+ Kg7 27. Nxf1 Qf6 28. Qd5 Rc4 0-1